000 00607nam a2200217Ia 4500
003 OSt
005 20221007083036.0
006 a|||||r|||| 00| 0
007 ta
008 221006b |||||||| |||| 00| 0 eng d
024 _a46,309
037 _cDissertations
040 _aFLL
_cFLL
_beng
041 _2eng
_aeng
100 _aAGNIHOTRI Abhishek
_9700164
245 0 _aCritical analysis of plea bargaining
_b whether constructive or destructive in criminal jurispudence
260 _c2021
300 _a105p.
_ccm.
942 _cDIS
_2CC
999 _c1168613
_d1168613